ARRUPE JESUIT UNIVERSITY

CORONAVIRUS -STOP THE SPREAD - CLEAN,DISINFECT,COVER

The river between / (Record no. 127138)

MARC details
000 -LEADER
fixed length control field 01791cam a22003255a 4500
001 - CONTROL NUMBER
control field 16841874
003 - CONTROL NUMBER IDENTIFIER
control field ARRUPE
005 - DATE AND TIME OF LATEST TRANSACTION
control field 20171025083841.0
008 - FIXED-LENGTH DATA ELEMENTS--GENERAL INFORMATION
fixed length control field 110624s1965 enk 000 1 eng d
010 ## - LIBRARY OF CONGRESS CONTROL NUMBER
LC control number 2010671765
020 ## - INTERNATIONAL STANDARD BOOK NUMBER
International Standard Book Number 043590549X (pbk. : export)
020 ## - INTERNATIONAL STANDARD BOOK NUMBER
International Standard Book Number 9780435905491 (pbk. : export)
020 ## - INTERNATIONAL STANDARD BOOK NUMBER
International Standard Book Number 0435905481 (pbk.)
020 ## - INTERNATIONAL STANDARD BOOK NUMBER
International Standard Book Number 9780435905484 (pbk.)
035 ## - SYSTEM CONTROL NUMBER
System control number (OCoLC)ocm23241981
040 ## - CATALOGING SOURCE
Original cataloging agency SOS
Transcribing agency SOS
Modifying agency SVP
-- OCL
-- OCLCQ
-- MNY
-- BAKER
-- YDXCP
-- OCLCG
-- DLC
042 ## - AUTHENTICATION CODE
Authentication code lccopycat
043 ## - GEOGRAPHIC AREA CODE
Geographic area code f-ke---
050 00 - LIBRARY OF CONGRESS CALL NUMBER
Classification number PR-930-1
300 ## - PHYSICAL DESCRIPTION
Dimensions 19 cm.
100 0# - MAIN ENTRY--PERSONAL NAME
Personal name Ngũgĩ wa Thiongʼo,
Dates associated with a name 1938-
9 (RLIN) 29778
245 14 - TITLE STATEMENT
Title The river between /
Statement of responsibility, etc Ngugi wa Thiong'o.
260 ## - PUBLICATION, DISTRIBUTION, ETC. (IMPRINT)
Place of publication, distribution, etc Oxford [Oxfordshire] ;
-- Portsmouth, NH :
Name of publisher, distributor, etc Heinemann,
Date of publication, distribution, etc c1965
Date of manufacture (2011 printing?)
300 ## - PHYSICAL DESCRIPTION
Extent 152 p. ;
490 1# - SERIES STATEMENT
Series statement African writers series ;
Volume number/sequential designation 17
520 ## - SUMMARY, ETC.
Summary, etc "Explores life on the Makuyu and Kameno ridges of Kenya in the early days of white settlement. Faced with an alluring new religion and 'magical' customs, the Gikuyu people are torn between those who fear the unknown and those who see beyond it. Some follow Joshua and his fiery brand of Christianity. Others proudly pursue tribal independence. In the midst of this disunity stands Waiyaki, a dedicated visionary born to a line of prophets. He struggles to educate the tribe--a task he sees as the only unifying link between the two factions--but his plans for the future raise issue which will determine both his and the Gikuyu's survival"--back cover.
650 #0 - SUBJECT ADDED ENTRY--TOPICAL TERM
Topical term or geographic name as entry element Kikuyu (African people)
Geographic subdivision Kenya
Form subdivision Fiction.
9 (RLIN) 37242
651 #0 - SUBJECT ADDED ENTRY--GEOGRAPHIC NAME
Geographic name Kenya
General subdivision History
Chronological subdivision 1895-1963
Form subdivision Fiction.
9 (RLIN) 37243
830 #0 - SERIES ADDED ENTRY--UNIFORM TITLE
Uniform title African writers series ;
Volume number/sequential designation 17.
9 (RLIN) 3197
906 ## - LOCAL DATA ELEMENT F, LDF (RLIN)
a 0
b ibc
c copycat
d 2
e ncip
f 20
g y-gencatlg
942 ## - ADDED ENTRY ELEMENTS (KOHA)
Source of classification or shelving scheme Library of Congress Classification
Koha item type Monograph ( Printed materials)
Holdings
Withdrawn status Lost status Source of classification or shelving scheme Damaged status Not for loan Collection code Home library Current library Shelving location Date acquired Total Checkouts Full call number Barcode Date last seen Date checked out Price effective from Koha item type Checked out
    Library of Congress Classification     Main Collection ARRUPE COLLEGE BOOKSTORE ARRUPE LIBRARY Main Collection 25/10/2017 5 PR-930-1 46500026474 18/12/2025 28/08/2025 25/10/2017 Monograph ( Printed materials)  
    Library of Congress Classification     Main Collection ARRUPE COLLEGE BOOKSTORE ARRUPE LIBRARY Main Collection 25/10/2017 3 PR-930-2 46500026475 25/08/2022 25/08/2022 25/10/2017 Monograph ( Printed materials)  
    Library of Congress Classification     Main Collection ARRUPE COLLEGE BOOKSTORE ARRUPE LIBRARY Main Collection 25/10/2017 2 PR-930-3 46500026476 07/04/2026 18/08/2025 25/10/2017 Monograph ( Printed materials)  
    Library of Congress Classification     Main Collection ARRUPE COLLEGE BOOKSTORE ARRUPE LIBRARY Main Collection 25/10/2017 2 PR-930-4 46500026477 07/01/2019 07/01/2019 25/10/2017 Monograph ( Printed materials) 06/02/2019
    Library of Congress Classification     Main Collection ARRUPE COLLEGE BOOKSTORE ARRUPE LIBRARY Main Collection 26/08/2022 3 PR-930-4 46700000022 30/01/2026 21/08/2025 26/08/2022 Monograph ( Printed materials)  

 

Arrupe Library. PO Box MP320 Mt Pleasant, Harare, Zimbabwe
263 242 745411|librarian@aju.ac.zw